| 000 | 00849nam a2200253 a 4500 | ||
|---|---|---|---|
| 003 | OSt | ||
| 005 | 20251110144915.0 | ||
| 008 | |||
| 020 | _a007071116X (hardback. ) | ||
| 040 |
_cNUST _aNUST _beng _dNUST _erda |
||
| 050 | _aTA683.2 WIN | ||
| 100 | 1 | _aWinter, George | |
| 245 | 1 | 0 |
_aDesign of concrete structures / _cGeorge Winter and Arthur H. Nilson. |
| 260 |
_aNew York : _bMcGraw-Hill, _c©1979. |
||
| 300 |
_axiii, 647 pages. : _billustrations. ; _c24 cm. |
||
| 336 |
_2rdacontent _atext _btxt |
||
| 337 |
_2rdamedia _aunmediated _bn |
||
| 338 |
_2rdacarrier _avolume _bnc |
||
| 504 | _aIncluding Index | ||
| 650 | 1 | _aReinforced concrete construction | |
| 650 | _aPrestressed concrete construction. | ||
| 700 | _aNilson, Arthur H. | ||
| 942 |
_cBOOKS _kTA683.2 _2lcc _hTA683.2 WIN _mWIN _n0 |
||
| 999 |
_c159216 _d159216 |
||